Every Batman Villain Who Has a LEGO Minifigure - Statistics

General Stats
  • This quiz has been taken 128 times
    54 since last reset
  • The average score is 32 of 50
Answer Stats
Picture Answer % Correct
Bane
95%
Man-Bat
92%
Harley Quinn
89%
The Joker
89%
Calendar Man
87%
Catwoman
87%
Killer Croc
84%
Poison Ivy
84%
The Penguin
84%
Condiment King
82%
Scarecrow
82%
The Riddler
82%
Clayface
79%
Clock King
79%
Killer Moth
79%
Kite Man
79%
Two-Face
79%
Captain Boomerang
76%
Deathstroke
76%
Mr. Freeze
76%
Zebra Man
76%
Deadshot
71%
Firefly
71%
Polka-Dot Man
71%
Ra's Al Ghul
71%
Red Hood
71%
The Eraser
71%
Egghead
68%
Gentleman Ghost
68%
Hugo Strange
68%
Orca
63%
Calculator
58%
Catman
58%
Talia Al Ghul
58%
Batzarro
55%
Katana
55%
King Tut
55%
Bronze Tiger
50%
Dr. Phosphorus
50%
Crazy Quilt
47%
Talon
45%
Tarantula
42%
Mime
32%
March Harriet
29%
Mutant Leader
29%
Magpie
26%
OMAC
26%
Zodiac Master
24%
Kabuki Twins
21%
Max Shreck
21%
No matching quizzes found
Score Distribution
Percent of People with Each Score
Percentile by Number Answered
Your Score History
You have not taken this quiz since the last reset